000 01051nam a2200289Ia 4500
003 GCL
005 20240530095317.0
008 140319s9999 xx 000 0 ara d
020 _a9070117977
040 _aGCL /
_cGCL
082 0 4 _a338.9
_bز ب
100 1 _aزكريا طاحون
245 1 0 _aبيئات ترهقها العولمة :
_b( الاقتصادية - السياسية - الثقافية - الاجتماعية ) /
_cزكريا طاحون
250 _aالاولى
260 _aالقاهرة :
_bجمعية المكتب العربى للبحوث والبيئة ،
_c2003
300 _a406 ص ؛
_c24 سم
650 0 4 _aتلوث البيئة
650 0 4 _aالاحوال الاجتماعية
650 0 4 _aالاحوال الاقتصادية
650 0 4 _aالتنمية الاقتصادية
650 0 4 _aالراسمالية
650 0 4 _aالعولمة
650 0 4 _aالثقافة - العولمة
650 0 4 _aالاقتصاد - العولمة
650 0 4 _aالمجتمع - العولمة
942 _2ddc
_cBK
999 _c6034
_d6034